[Event "Winnipeg TNT 2019.05"]
[Site "Winnipeg CAN"]
[Date "2019.05.14"]
[Round "2.6"]
[White "Proulx, Roy"]
[Black "Marshall, Carter"]
[Result "1-0"]
[WhiteElo "1864"]
[BlackElo "1552"]
[PlyCount "63"]
[EventDate "2019.05.07"]
[EventType "swiss"]
[EventRounds "4"]
[EventCountry "CAN"]

1. e4 d6 2. d4 Nd7 3. f4 e5 4. Nf3 exd4 5. Nxd4 Ngf6 6. Nc3 Nc5 7. Bd3 Nxd3+ 8.
cxd3 Bg4 9. Qd2 Qd7 10. h3 Bh5 11. Nf5 d5 12. Ng3 Bg6 13. f5 Bh5 14. e5 Qe7 15.
O-O d4 16. exf6 Qe3+ 17. Qxe3+ dxe3 18. Nxh5 g6 19. Ng7+ Bxg7 20. fxg7 Rg8 21.
f6 O-O-O 22. Bxe3 Rxd3 23. Bf4 Rd4 24. Rad1 Rb4 25. Rd2 Rb6 26. Nd5 Re8 27.
Ne7+ Kb8 28. Rfd1 a6 29. Rd8+ Rxd8 30. Rxd8+ Ka7 31. Be3 c5 32. Bxc5 1-0

[Event "Winnipeg TNT 2019.05"]
[Site "Winnipeg CAN"]
[Date "2019.05.14"]
[Round "2.7"]
[White "Gannon, Keith"]
[Black "Myrzaibraimova, Aibike"]
[Result "0-1"]
[WhiteElo "1465"]
[BlackElo "1572"]
[PlyCount "104"]
[EventDate "2019.05.07"]
[EventType "swiss"]
[EventRounds "4"]
[EventCountry "CAN"]

1. e4 e6 2. d4 d5 3. e5 c5 4. c3 Nc6 5. Nf3 Qb6 6. a4 a6 7. Be2 cxd4 8. cxd4
Nge7 9. Nc3 Nf5 10. Be3 Nxe3 11. fxe3 Qxb2 12. Na2 Bb4+ 13. Nxb4 Qxb4+ 14. Nd2
Qc3 15. Kf1 O-O 16. Qc1 Qxc1+ 17. Rxc1 f6 18. exf6 Rxf6+ 19. Nf3 Bd7 20. Rb1
Rb8 21. Rb6 Rff8 22. Bd3 Ne7 23. Ke2 Nc6 24. h3 h6 25. Bc2 Na5 26. Ne5 Bc6 27.
Nxc6 Nxc6 28. Rf1 Rxf1 29. Kxf1 Kf7 30. Ke2 Na5 31. Bd3 Rc8 32. Kd2 Rc6 33.
Rxc6 Nxc6 34. Kc3 Kf6 35. e4 Kg5 36. exd5 exd5 37. Be2 Kf4 38. Bf3 Ne7 39. Kb4
b6 40. Kc3 a5 41. Kd3 g5 42. Kc3 Ke3 43. Bg4 Nc6 44. Be6 Ke4 45. g3 Nxd4 46.
Bd7 Ne2+ 47. Kd2 Nxg3 48. Bc6 Nh5 49. Ke2 Nf4+ 50. Kf2 Nxh3+ 51. Kg3 Nf4 52.
Kg4 Ke3 0-1

[Event "Winnipeg TNT 2019.05"]
[Site "Winnipeg CAN"]
[Date "2019.05.14"]
[Round "2.8"]
[White "Lotecki, Ryan"]
[Black "Leaden, Bruce"]
[Result "0-1"]
[WhiteElo "1287"]
[BlackElo "1489"]
[PlyCount "94"]
[EventDate "2019.05.07"]
[EventType "swiss"]
[EventRounds "4"]
[EventCountry "CAN"]

1. c4 b6 2. Nc3 Bb7 3. d4 e6 4. d5 Bc5 5. Nf3 Nf6 6. Bg5 h6 7. Bh4 g5 8. Bg3 g4
9. Nd4 exd5 10. cxd5 Nxd5 11. Nxd5 Bxd5 12. Nb3 Bb4+ 13. Nd2 h5 14. a3 Be7 15.
h4 gxh3 16. Rxh3 h4 17. Nf3 Be6 18. Rh1 Bf6 19. Qd2 hxg3 20. Rxh8+ Bxh8 21.
fxg3 Qf6 22. Rb1 Nc6 23. b4 Qc3 24. a4 Ba2 25. Rc1 Qxb4 26. Qxb4 Nxb4 27. Rxc7
Nd5 28. Rc2 Bb3 29. Rc1 Bxa4 30. Kf2 Bc6 31. e3 a5 32. Bd3 Bg7 33. Rh1 Nf6 34.
Nd4 Ng4+ 35. Kg1 Bxd4 36. exd4 O-O-O 37. Bf5 Ne3 38. Bd3 Bxg2 39. Rh7 Bd5 40.
Kf2 Nc4 41. g4 a4 42. Rh5 Be6 43. Be2 a3 44. d5 a2 45. Rh1 Bxd5 46. g5 Kc7 47.
Bh5 Bxh1 0-1

[Event "Winnipeg TNT 2019.05"]
[Site "Winnipeg CAN"]
[Date "2019.05.14"]
[Round "2.10"]
[White "Myrzaibraimova, Alia"]
[Black "Marshall, Ken"]
[Result "0-1"]
[WhiteElo "1216"]
[BlackElo "1473"]
[PlyCount "74"]
[EventDate "2019.05.07"]
[EventType "swiss"]
[EventRounds "4"]
[EventCountry "CAN"]

1. e4 e5 2. Nf3 Nc6 3. Bc4 Bc5 4. b4 Bxb4 5. c3 Bc5 6. d4 exd4 7. O-O Qf6 8. e5
Qe7 9. Re1 h6 10. Bb2 Na5 11. Bb3 dxc3 12. Bxc3 Nxb3 13. axb3 b6 14. Qd5 c6 15.
Qe4 Qe6 16. b4 Be7 17. b5 Qd5 18. Nbd2 Qxe4 19. Rxe4 Bb7 20. Rg4 g6 21. e6 Nf6
22. Rf4 dxe6 23. Bxf6 Bxf6 24. Rxf6 Ke7 25. Ne4 cxb5 26. Nfd2 Rhd8 27. Rf4 f5
28. Rc1 fxe4 29. Rc7+ Rd7 30. Rf7+ Kxf7 31. Rxd7+ Ke8 32. Rxb7 Rd8 33. Rxa7
Rxd2 34. h3 b4 35. Kh2 b3 36. Ra1 b2 37. Rb1 Rxf2 0-1

[Event "Winnipeg TNT 2019.05"]
[Site "Winnipeg CAN"]
[Date "2019.05.21"]
[Round "3.1"]
[White "Rutter, Blair"]
[Black "Le Dorze, Phil"]
[Result "0-1"]
[WhiteElo "1899"]
[BlackElo "1793"]
[PlyCount "76"]
[EventDate "2019.05.07"]
[EventType "swiss"]
[EventRounds "4"]
[EventCountry "CAN"]

1. c4 e5 2. g3 Nf6 3. Bg2 Bc5 4. Nc3 O-O 5. e3 Re8 6. d3 c6 7. Nge2 d6 8. O-O
Bg4 9. h3 Be6 10. Kh2 Nbd7 11. f4 exf4 12. exf4 Nf8 13. f5 Bc8 14. d4 Bb6 15.
Qd3 d5 16. cxd5 cxd5 17. Nf4 Ne4 18. Nfxd5 Nxc3 19. Nxb6 Qxb6 20. bxc3 g6 21.
f6 Bf5 22. Rxf5 gxf5 23. Qxf5 Re6 24. Bg5 Re2 25. Bh6 Rxg2+ 26. Kxg2 Qb2+ 27.
Qf2 Qxa1 28. Bxf8 Kxf8 29. h4 Re8 30. d5 Qd1 31. Qc5+ Kg8 32. d6 Re2+ 33. Kh3
Qh1+ 34. Kg4 Qe4+ 35. Kh3 Qe6+ 36. g4 Qe3+ 37. Qxe3 Rxe3+ 38. Kg2 Rd3 0-1

[Event "Winnipeg TNT 2019.05"]
[Site "Winnipeg CAN"]
[Date "2019.05.21"]
[Round "3.2"]
[White "Konara, Harshani"]
[Black "Letain, Cory"]
[Result "1-0"]
[WhiteElo "2000"]
[BlackElo "1629"]
[PlyCount "127"]
[EventDate "2019.05.07"]
[EventType "swiss"]
[EventRounds "4"]
[EventCountry "CAN"]

1. c4 c5 2. Nc3 g6 3. g3 Bg7 4. Bg2 Nf6 5. d3 O-O 6. e3 Nc6 7. Nge2 e6 8. Nf4
Ne7 9. Qb3 Rb8 10. O-O b6 11. Nb5 a6 12. Nd6 Qc7 13. Nxc8 Rbxc8 14. Bd2 Rfd8
15. Rac1 d5 16. d4 Ne4 17. Qd3 Nxd2 18. Qxd2 dxc4 19. Rxc4 b5 20. Rcc1 c4 21.
Qc2 e5 22. dxe5 Qxe5 23. Rb1 Rc7 24. Rfd1 Rcd7 25. Rxd7 Rxd7 26. Bf3 Nf5 27.
Bg4 Nxe3 28. fxe3 Qxe3+ 29. Qf2 Qe4 30. Re1 Qc6 31. Bxd7 Qxd7 32. Qe2 Bd4+ 33.
Kg2 Qc6+ 34. Qe4 Qxe4+ 35. Rxe4 Bxb2 36. Re2 Bf6 37. Nd5 Kg7 38. Nxf6 Kxf6 39.
Kf2 a5 40. Ke1 b4 41. Kd2 h5 42. Kc2 Kf5 43. Rf2+ Ke6 44. Rf4 c3 45. Kb3 f5 46.
Ka4 Kd5 47. Kb3 a4+ 48. Kxb4 g5 49. Rc4 f4 50. Rxc3 Ke4 51. gxf4 gxf4 52. Kxa4
f3 53. Kb4 f2 54. Rc1 Kf3 55. a4 Kg2 56. a5 f1=Q 57. Rxf1 Kxf1 58. a6 Kg2 59.
a7 Kxh2 60. a8=Q h4 61. Qb8+ Kg2 62. Qb7+ Kg3 63. Qg7+ Kf2 64. Qg4 1-0

[Event "Winnipeg TNT 2019.05"]
[Site "Winnipeg CAN"]
[Date "2019.05.21"]
[Round "3.3"]
[White "Abioye, Yemi"]
[Black "Annakkage, Udaya"]
[Result "0-1"]
[WhiteElo "2039"]
[BlackElo "1690"]
[PlyCount "49"]
[EventDate "2019.05.07"]
[EventType "swiss"]
[EventRounds "4"]
[EventCountry "CAN"]

1. e4 Nf6 2. Nc3 d5 3. e5 Ne4 4. d4 c5 5. Nxe4 dxe4 6. d5 g6 7. c4 Bg7 8. Qe2
Bxe5 9. Qxe4 Bg7 10. Bd3 O-O 11. Ne2 Nd7 12. O-O Ne5 13. Ng3 Nxd3 14. Qxd3 Bd7
15. Bd2 Rb8 16. Bc3 Bxc3 17. Qxc3 b5 18. b3 b4 19. Qb2 a5 20. Rfe1 a4 21. Ne4
Qc7 22. d6 a3 23. dxc7 axb2 24. cxb8=Q bxa1=Q 25. Qxf8+ 0-1

[Event "Winnipeg TNT 2019.05"]
[Site "Winnipeg CAN"]
[Date "2019.05.21"]
[Round "3.4"]
[White "Leaden, Bruce"]
[Black "Proulx, Roy"]
[Result "1-0"]
[WhiteElo "1489"]
[BlackElo "1864"]
[PlyCount "49"]
[EventDate "2019.05.07"]
[EventType "swiss"]
[EventRounds "4"]
[EventCountry "CAN"]

1. f4 d5 2. Nf3 c5 3. g3 Nc6 4. Bg2 Nf6 5. d3 Bf5 6. Nc3 a6 7. O-O e6 8. Ne5
Qc7 9. Nxc6 bxc6 10. e4 Bg4 11. Qe1 h6 12. exd5 cxd5 13. Nxd5 Nxd5 14. Bxd5 Rd8
15. Bg2 c4 16. Qc3 Qb6+ 17. Kh1 Be2 18. Re1 Bb4 19. Qxg7 Bxe1 20. Qxh8+ Ke7 21.
Qe5 cxd3 22. cxd3 Qf2 23. Be3 f6 24. Qc7+ Rd7 25. Qc5+ 1-0

[Event "Winnipeg TNT 2019.05"]
[Site "Winnipeg CAN"]
[Date "2019.05.21"]
[Round "3.6"]
[White "Gregoryanz, Philipp"]
[Black "Prince, Colin"]
[Result "0-1"]
[WhiteElo "1539"]
[BlackElo "1861"]
[PlyCount "40"]
[EventDate "2019.05.07"]
[EventType "swiss"]
[EventRounds "4"]
[EventCountry "CAN"]

1. e4 e5 2. Nf3 Nc6 3. d4 exd4 4. Nxd4 Bc5 5. Nxc6 bxc6 6. Bc4 d6 7. Nc3 Nf6 8.
e5 Bxf2+ 9. Kf1 Ng4 10. Qf3 Nxe5 11. Bxf7+ Nxf7 12. Qxf2 O-O 13. Kg1 Ba6 14.
Bf4 Ne5 15. Ne4 Qd7 16. Qe3 Qf5 17. g3 Rae8 18. Bxe5 Rxe5 19. Re1 Rxe4 20. Qb3+
Bc4 0-1

[Event "Winnipeg TNT 2019.05"]
[Site "Winnipeg CAN"]
[Date "2019.05.21"]
[Round "3.8"]
[White "Allan, Gregory"]
[Black "Magyar, Peter"]
[Result "1-0"]
[WhiteElo "1569"]
[BlackElo "1482"]
[PlyCount "157"]
[EventDate "2019.05.07"]
[EventType "swiss"]
[EventRounds "4"]
[EventCountry "CAN"]

1. e4 e6 2. d4 d5 3. e5 c5 4. Bb5+ Nc6 5. Nf3 Bd7 6. Bxc6 Bxc6 7. Be3 Bb5 8. c3
Nh6 9. Na3 Qa5 10. Nxb5 Qxb5 11. Qe2 Qxe2+ 12. Kxe2 Nf5 13. Rhf1 Be7 14. Nd2
O-O 15. f4 cxd4 16. Bxd4 Nxd4+ 17. cxd4 Bb4 18. Rac1 Ba5 19. Nb3 Bb6 20. g4 Bd8
21. Rc2 b6 22. Rfc1 f6 23. Rc6 fxe5 24. fxe5 Bh4 25. R1c2 Rf4 26. Rxe6 Raf8 27.
Rd2 Re4+ 28. Kd1 Bg5 29. Rg2 Be3 30. Rd6 Bxd4 31. Rxd5 Bxe5 32. Rd7 a5 33. Rb7
a4 34. Nc1 Rd4+ 35. Kc2 Rc8+ 36. Kb1 Rd1 37. Rc2 Rf8 38. Rxb6 h6 39. a3 Rff1
40. Rbc6 Bf4 41. R2c4 Bxh2 42. Rxa4 Be5 43. Rac4 Rf2 44. Rc2 Rff1 45. b4 Rf4
46. R6c4 Rf3 47. Ka2 Rdf1 48. a4 Re3 49. Re2 Rxe2+ 50. Nxe2 Ra1+ 51. Kb3 Rb1+
52. Kc2 Rb2+ 53. Kd3 Rb3+ 54. Ke4 Bf6 55. b5 Bg5 56. Nf4 Be7 57. Nd5 Bg5 58.
Nc7 Bd2 59. Kd5 Ba5 60. Kc6 Rd3 61. b6 Bxb6 62. Kxb6 Rd6+ 63. Rc6 Rd4 64. a5
Rb4+ 65. Nb5 Rxg4 66. a6 g5 67. a7 Ra4 68. Rxh6 Kg7 69. Rd6 g4 70. Kb7 g3 71.
a8=Q Rxa8 72. Kxa8 g2 73. Rd1 Kf6 74. Rg1 Kf5 75. Rxg2 Ke5 76. Rd2 Ke4 77. Kb7
Ke3 78. Rd4 Kf3 79. Kc6 1-0

[Event "Winnipeg TNT 2019.05"]
[Site "Winnipeg CAN"]
[Date "2019.05.28"]
[Round "4.1"]
[White "Le Dorze, Phil"]
[Black "Abioye, Yemi"]
[Result "1-0"]
[WhiteElo "1793"]
[BlackElo "2039"]
[PlyCount "103"]
[EventDate "2019.05.07"]
[EventType "swiss"]
[EventRounds "4"]
[EventCountry "CAN"]

1. d4 c6 2. c4 d5 3. cxd5 cxd5 4. Nc3 Nf6 5. g3 Nc6 6. Bg2 e6 7. Nf3 a6 8. a3
Bd7 9. O-O b5 10. b4 Bd6 11. Bg5 Be7 12. Re1 Rc8 13. Qd2 Nxb4 14. axb4 Bxb4 15.
Rec1 Ne4 16. Nxe4 Bxd2 17. Rxc8 Bxg5 18. Nd6+ Kf8 19. Rxd8+ Bxd8 20. Ne5 Ke7
21. Ndxf7 Rf8 22. Nxd8 Rxd8 23. Rxa6 Be8 24. Nc6+ Bxc6 25. Rxc6 Rb8 26. Bh3 b4
27. Bxe6 b3 28. Bxd5 b2 29. Be4 Kd7 30. Ra6 b1=Q+ 31. Bxb1 Rxb1+ 32. Kg2 Rb7
33. e4 Ke7 34. g4 Rb4 35. Ra7+ Kf6 36. Rd7 h6 37. h4 g5 38. hxg5+ hxg5 39. Kg3
Ke6 40. Rd5 Kf6 41. e5+ Ke7 42. Kf3 Rb2 43. Rd6 Kf7 44. Ke3 Kg7 45. Rf6 Rb1 46.
Ke4 Rd1 47. Kd5 Rd2 48. f4 Rg2 49. Rf5 gxf4 50. Rxf4 Re2 51. e6 Kh6 52. Re4 1-0

[Event "Winnipeg TNT 2019.05"]
[Site "Winnipeg CAN"]
[Date "2019.05.28"]
[Round "4.2"]
[White "Bince, Rolando"]
[Black "Konara, Harshani"]
[Result "0-1"]
[WhiteElo "1970"]
[BlackElo "2000"]
[PlyCount "88"]
[EventDate "2019.05.07"]
[EventType "swiss"]
[EventRounds "4"]
[EventCountry "CAN"]

1. Nf3 Nf6 2. g3 g6 3. Bg2 Bg7 4. O-O O-O 5. d4 d6 6. c4 Nbd7 7. Nc3 c6 8. e4
e5 9. dxe5 dxe5 10. Bg5 Qc7 11. b4 h6 12. Bd2 Rd8 13. Qc1 Kh7 14. h3 Nb6 15. c5
Nc4 16. Rd1 Nxd2 17. Rxd2 Be6 18. Bf1 Qe7 19. Qc2 Nh5 20. Rad1 f5 21. Rxd8 Rxd8
22. Rxd8 Qxd8 23. Qd2 Qf6 24. Nh2 Qf7 25. Be2 Nf6 26. g4 Nxe4 27. Nxe4 fxe4 28.
a3 Qf4 29. Qe3 Bf6 30. Nf1 Bg5 31. Qc3 Bd5 32. Ne3 Bh4 33. Nd1 h5 34. Qe3 hxg4
35. hxg4 Be6 36. Qh3 g5 37. Qe3 Kg6 38. Kg2 Kf6 39. Nc3 Bd5 40. b5 Ke6 41. a4
Kd7 42. a5 Bxf2 43. Qxf2 e3+ 44. Bf3 exf2 0-1

[Event "Winnipeg TNT 2019.05"]
[Site "Winnipeg CAN"]
[Date "2019.05.28"]
[Round "4.3"]
[White "Letain, Cory"]
[Black "Rutter, Blair"]
[Result "0-1"]
[WhiteElo "1629"]
[BlackElo "1899"]
[PlyCount "44"]
[EventDate "2019.05.07"]
[EventType "swiss"]
[EventRounds "4"]
[EventCountry "CAN"]

1. e4 e6 2. d4 d5 3. exd5 exd5 4. Nf3 Nf6 5. c4 Be7 6. Bd3 Bg4 7. Bg5 O-O 8.
O-O c6 9. Nc3 Nbd7 10. Re1 Re8 11. Re3 Qb6 12. Qc2 h6 13. Na4 Qa5 14. Bh4 Bxf3
15. Rxf3 dxc4 16. Bf5 b5 17. Bxd7 Nxd7 18. Bxe7 Rxe7 19. Nc3 Rae8 20. g3 b4 21.
Na4 Qd5 22. Rf5 Re1+ 0-1

[Event "Winnipeg TNT 2019.05"]
[Site "Winnipeg CAN"]
[Date "2019.05.28"]
[Round "4.5"]
[White "Annakkage, Udaya"]
[Black "Leaden, Bruce"]
[Result "1-0"]
[WhiteElo "1690"]
[BlackElo "1489"]
[PlyCount "113"]
[EventDate "2019.05.07"]
[EventType "swiss"]
[EventRounds "4"]
[EventCountry "CAN"]

1. e4 e6 2. d4 d5 3. Nd2 Nf6 4. e5 Nfd7 5. Bd3 c5 6. c3 cxd4 7. cxd4 Nc6 8. Ne2
Qb6 9. Nf3 Bb4+ 10. Bd2 Bxd2+ 11. Qxd2 Nb4 12. Bb1 O-O 13. O-O f6 14. a3 Nc6
15. Qc2 g6 16. Nf4 Ne7 17. Qd2 Rf7 18. exf6 Rxf6 19. Re1 Nf8 20. Nd3 Rxf3 21.
gxf3 Qxd4 22. Qe3 Nf5 23. Qe2 Bd7 24. Ne5 Re8 25. Kh1 Re7 26. Rg1 Be8 27. Rg4
Qb6 28. Rb4 Qd6 29. Ng4 Bc6 30. Ne5 Be8 31. Bc2 Nd7 32. f4 Nb6 33. Rg1 d4 34.
Qd2 a5 35. Rb3 Qd5+ 36. f3 Nc4 37. Nxc4 Qxc4 38. Rb6 Bc6 39. Be4 Nd6 40. Bxc6
bxc6 41. Rc1 Qd5 42. Qd3 c5 43. b3 Nf5 44. Qe4 Kf7 45. Rb5 Ne3 46. Qxd5 exd5
47. Rbxc5 d3 48. Kg1 d2 49. Kf2 dxc1=Q 50. Rxc1 d4 51. Ke2 Nf5+ 52. Kd1 Re3 53.
b4 a4 54. b5 Rxa3 55. Rc7+ Ke6 56. b6 Rb3 57. Rxh7 1-0

[Event "Winnipeg TNT 2019.05"]
[Site "Winnipeg CAN"]
[Date "2019.05.28"]
[Round "4.6"]
[White "Remillard, John"]
[Black "Allan, Gregory"]
[Result "0-1"]
[WhiteElo "1648"]
[BlackElo "1569"]
[PlyCount "106"]
[EventDate "2019.05.07"]
[EventType "swiss"]
[EventRounds "4"]
[EventCountry "CAN"]

1. e4 c6 2. c4 d5 3. cxd5 cxd5 4. Bb5+ Bd7 5. Bxd7+ Qxd7 6. exd5 Nf6 7. Nc3
Nxd5 8. Nxd5 Qxd5 9. Qf3 Qb5 10. Ne2 e6 11. O-O Be7 12. Nc3 Qc6 13. Qe2 O-O 14.
d4 Bf6 15. Be3 Rd8 16. Rfd1 Nd7 17. Rac1 a6 18. d5 exd5 19. Nxd5 Qb5 20. Nxf6+
Nxf6 21. Rxd8+ Rxd8 22. Qxb5 axb5 23. Bg5 h6 24. Bxf6 gxf6 25. Kf1 Rd2 26. Rb1
f5 27. a3 Kg7 28. Ke1 Rc2 29. b4 Ra2 30. Rb3 Kg6 31. h4 f4 32. Kf1 Kf5 33. f3
Kg6 34. Rd3 Ra1+ 35. Kf2 Ra2+ 36. Kg1 f6 37. Rd5 Rxa3 38. h5+ Kf7 39. Rxb5 Ra7
40. Rb6 Kg7 41. b5 Kf7 42. Kh2 Kg7 43. Rd6 f5 44. b6 Ra6 45. Rd7+ Kf6 46. Rxb7
Kg5 47. Rg7+ Kxh5 48. b7 Rb6 49. Kh3 Rb3 50. Rf7 Kg6 51. Rc7 Kg5 52. Rg7+ Kh5
53. g4+ fxg4+ 0-1

[Event "Winnipeg TNT 2019.05"]
[Site "Winnipeg CAN"]
[Date "2019.05.28"]
[Round "4.7"]
[White "Magyar, Peter"]
[Black "Proulx, Roy"]
[Result "0-1"]
[WhiteElo "1482"]
[BlackElo "1864"]
[PlyCount "50"]
[EventDate "2019.05.07"]
[EventType "swiss"]
[EventRounds "4"]
[EventCountry "CAN"]

1. d4 d5 2. Bf4 e6 3. e3 Nf6 4. Be2 Bd6 5. Bg3 h5 6. Nf3 Ne4 7. Ne5 h4 8. Nxf7
Kxf7 9. Bh5+ Kg8 10. Be5 Bxe5 11. dxe5 Qg5 12. Be8 Qxg2 13. Rf1 Qxh2 14. Qf3
Ng5 15. Qg4 Qxe5 16. Nc3 c6 17. O-O-O Qf6 18. f4 Nf7 19. Bxf7+ Kxf7 20. Rh1 Na6
21. a3 Bd7 22. Ne2 Nc5 23. Qg5 Ne4 24. Qxf6+ gxf6 25. Nd4 Nf2 0-1

[Event "Winnipeg TNT 2019.05"]
[Site "Winnipeg CAN"]
[Date "2019.05.28"]
[Round "4.8"]
[White "Gannon, Keith"]
[Black "Gregoryanz, Philipp"]
[Result "1-0"]
[WhiteElo "1465"]
[BlackElo "1539"]
[PlyCount "69"]
[EventDate "2019.05.07"]
[EventType "swiss"]
[EventRounds "4"]
[EventCountry "CAN"]

1. d4 d5 2. Nf3 Nc6 3. e3 Bf5 4. Be2 Nf6 5. O-O e6 6. a3 Ng4 7. h3 h5 8. Bd3
Qf6 9. Bxf5 Qxf5 10. Qd3 Qf6 11. e4 dxe4 12. Qxe4 O-O-O 13. Bg5 Qf5 14. Qxf5
exf5 15. Bxd8 Kxd8 16. hxg4 hxg4 17. Ne5 Nxe5 18. dxe5 Bc5 19. Rd1+ Ke7 20. b4
Bb6 21. c4 c5 22. Nc3 Ke6 23. Na4 Kxe5 24. Rd5+ Kf6 25. Nxb6 axb6 26. Rd6+ Ke5
27. Rxb6 cxb4 28. axb4 Kd4 29. c5 f4 30. Rd1+ Ke4 31. Rxb7 g3 32. fxg3 fxg3 33.
c6 Rc8 34. c7 Re8 35. Rb8 1-0

[Event "Winnipeg TNT 2019.09"]
[Site "Winnipeg CAN"]
[Date "2019.09.03"]
[Round "1.1"]
[White "Marshall, Carter"]
[Black "Wolchock, Theo"]
[Result "0-1"]
[WhiteElo "1555"]
[BlackElo "2170"]
[PlyCount "194"]
[EventDate "2019.09.03"]
[EventType "swiss"]
[EventRounds "4"]
[EventCountry "CAN"]

1. e4 e5 2. Nc3 Nf6 3. f4 d5 4. fxe5 Nxe4 5. Nf3 Be7 6. d3 Nxc3 7. bxc3 c5 8.
d4 O-O 9. Bd2 Nc6 10. Bb5 Bg4 11. O-O cxd4 12. Bxc6 bxc6 13. cxd4 f6 14. Qe1 c5
15. exf6 Bxf6 16. Ne5 Bd7 17. Qg3 Bb5 18. Qg4 Bxf1 19. Qe6+ Kh8 20. Rxf1 Bxe5
21. Rxf8+ Qxf8 22. dxe5 Rb8 23. h3 d4 24. Qd6 Qxd6 25. exd6 Rd8 26. Bf4 Kg8 27.
Kf2 Kf7 28. Ke2 Ke6 29. Kd3 Kd5 30. c4+ Ke6 31. Ke4 Rxd6 32. Bxd6 Kxd6 33. g4
a6 34. h4 Ke6 35. g5 g6 36. a4 a5 37. Kf4 Kd6 38. Ke4 Kc6 39. Kf4 Kd7 40. Ke4
Ke7 41. Kf4 Kf7 42. Ke4 Kg7 43. Kf4 Kg8 44. Ke4 Kh8 45. Kf4 Kg8 46. Ke4 Kf8 47.
Kf4 Ke8 48. Ke4 Kd8 49. Kf4 Kc8 50. Ke4 Kb8 51. Kf4 Ka8 52. Ke4 Kb7 53. Kf4 Kc6
54. Ke4 Kd6 55. Kf4 Ke7 56. Ke4 Kf7 57. Kf4 Kg7 58. Ke4 h6 59. Kf4 hxg5+ 60.
hxg5 Kf7 61. Ke4 Ke7 62. Kf4 Kd7 63. Ke4 Kc6 64. Kf4 Kc7 65. Ke4 Kc8 66. Kf4
Kb8 67. Ke4 Kb7 68. Kf4 Kb6 69. Ke4 Ka6 70. Kf4 Kb7 71. Ke4 Ka8 72. Kf4 Kb7 73.
Ke4 Kc6 74. Kf4 Kd6 75. Ke4 Ke6 76. Kf4 d3 77. Ke3 Ke5 78. Kxd3 Kf4 79. Kd2
Kxg5 80. Ke2 Kf5 81. Kf3 Ke5 82. Ke3 g5 83. Kf3 Kd4 84. Kg4 Kxc4 85. Kxg5 Kb4
86. Kf4 Kxa4 87. Ke3 Kb4 88. Kd2 Kb3 89. Kc1 Kc3 90. Kb1 a4 91. Ka2 Kc4 92. Kb1
Kb3 93. Kc1 c4 94. Kb1 c3 95. Ka1 a3 96. Kb1 c2+ 97. Ka1 c1=Q# 0-1

[Event "Winnipeg TNT 2019.09"]
[Site "Winnipeg CAN"]
[Date "2019.09.03"]
[Round "1.2"]
[White "Boron, Anthony"]
[Black "Piche, Zachary"]
[Result "1/2-1/2"]
[WhiteElo "1946"]
[BlackElo "1519"]
[PlyCount "111"]
[EventDate "2019.09.03"]
[EventType "swiss"]
[EventRounds "4"]
[EventCountry "CAN"]

1. e4 c5 2. c3 d6 3. d4 cxd4 4. cxd4 Nf6 5. Nc3 Nc6 6. h3 a6 7. Nf3 g6 8. d5
Nb8 9. Bg5 Bg7 10. Bd3 Nbd7 11. O-O Nc5 12. Bc2 O-O 13. Qd2 b5 14. a3 Bd7 15.
Bh6 a5 16. Bxg7 Kxg7 17. b4 Na4 18. Nxa4 bxa4 19. e5 dxe5 20. Nxe5 Be6 21. Nc6
Qd7 22. Nxa5 Nxd5 23. Rfd1 Qc7 24. Bxa4 Qc3 25. Bc6 Rxa5 26. Qxc3+ Nxc3 27.
bxa5 Nxd1 28. Rxd1 Rc8 29. Bb7 Rc7 30. a6 Bc8 31. Rb1 e6 32. a4 h5 33. a5 g5
34. Rb5 Kg6 35. g3 g4 36. hxg4 hxg4 37. a7 Rxb7 38. a8=Q Rxb5 39. Qxc8 Rxa5 40.
Qg8+ Kh6 41. Qxf7 Rg5 42. Qxe6+ Rg6 43. Qe8 Rg7 44. Kf1 Kh7 45. Ke2 Ra7 46.
Qe4+ Kg8 47. Qxg4+ Kh7 48. Qe4+ Kg8 49. Qd5+ Kh7 50. g4 Re7+ 51. Kf3 Ra7 52. g5
Ra3+ 53. Kg4 Ra4+ 54. f4 Ra1 55. Qf7+ Kh8 56. Qf6+ 1/2-1/2

[Event "Winnipeg TNT 2019.09"]
[Site "Winnipeg CAN"]
[Date "2019.09.10"]
[Round "1.3"]
[White "Myrzaibraimova, Aibike"]
[Black "Rutter, Blair"]
[Result "0-1"]
[WhiteElo "1500"]
[BlackElo "1921"]
[Annotator "aboro"]
[PlyCount "98"]
[EventDate "2019.09.03"]
[EventType "swiss"]
[EventRounds "4"]
[EventCountry "CAN"]

1. e4 e6 2. d4 d5 3. exd5 exd5 4. Bd3 Nf6 5. Nf3 Bd6 6. Nc3 O-O 7. O-O Bg4 8.
Bg5 c6 9. h3 Bh5 10. Be2 Bg6 11. Ne5 Nbd7 12. Nxg6 hxg6 13. Qd3 Qc7 14. Bh4
Rae8 15. Rfe1 Ne4 16. Bf3 f5 17. Bxe4 fxe4 18. Qd1 Rf5 19. Ne2 Ref8 20. Ng3 Rf4
21. Nxe4 dxe4 22. Bg3 R4f5 23. Qg4 Bxg3 24. fxg3 Qd6 25. Qxe4 Nf6 26. Qe6+ Qxe6
27. Rxe6 Rf7 28. Rae1 Kh7 29. R1e5 Nd5 30. c4 Nb4 31. a3 Rf1+ 32. Kh2 Nd3 33.
Re2 Rb1 34. b4 Rff1 35. g4 Nf4 36. R6e5 Nxe2 37. Rxe2 Rfd1 38. Re4 Rb3 39. d5
cxd5 40. cxd5 Rxa3 41. Re7 b6 42. Rd7 Rd4 43. b5 Rb4 44. d6 Rxb5 45. Re7 Rd5
46. d7 b5 47. h4 a5 48. h5 a4 49. Re4 Rad3 {White resigned after 62 moves.} 0-1

[Event "Winnipeg TNT 2019.09"]
[Site "Winnipeg CAN"]
[Date "2019.09.03"]
[Round "1.4"]
[White "Annakkage, Udaya"]
[Black "Ott, Richard"]
[Result "1-0"]
[WhiteElo "1793"]
[BlackElo "1482"]
[PlyCount "72"]
[EventDate "2019.09.03"]
[EventType "swiss"]
[EventRounds "4"]
[EventCountry "CAN"]

1. e4 d5 2. exd5 Qxd5 3. Nc3 Qd6 4. Nf3 Nf6 5. d4 c6 6. Be2 Bf5 7. O-O Nbd7 8.
Re1 e6 9. Bd3 Bxd3 10. Qxd3 Qc7 11. Bd2 a6 12. Ne2 Be7 13. c4 O-O 14. Rac1 Rad8
15. Nc3 Rfe8 16. Qc2 c5 17. b3 cxd4 18. Nxd4 Ng4 19. Nf3 Bc5 20. Ne4 Nde5 21.
Nxe5 Qxe5 22. g3 Qh5 23. h4 Bd4 24. Kg2 Ne5 25. Be3 Qf3+ 26. Kg1 Qg4 27. Ng5 f5
28. Bxd4 Rxd4 29. Rxe5 Red8 30. Re2 Rd3 31. Nxe6 R8d6 32. Nf4 Rf3 33. Re8+ Kf7
34. Qe2 Rxg3+ 35. fxg3 Qxg3+ 36. Ng2 f4 1-0

[Event "Winnipeg TNT 2019.09"]
[Site "Winnipeg CAN"]
[Date "2019.09.03"]
[Round "1.6"]
[White "MacPherson, Al"]
[Black "Gannon, Keith"]
[Result "1-0"]
[WhiteElo "1704"]
[BlackElo "1470"]
[PlyCount "87"]
[EventDate "2019.09.03"]
[EventType "swiss"]
[EventRounds "4"]
[EventCountry "CAN"]

1. d4 d5 2. c4 e6 3. Nc3 Nf6 4. Nf3 b6 5. Bf4 a6 6. e3 Bd6 7. Bg3 O-O 8. Rc1
Bxg3 9. hxg3 Nbd7 10. Qc2 Re8 11. cxd5 exd5 12. Nxd5 c5 13. Nxf6+ Nxf6 14. dxc5
bxc5 15. Qxc5 Bb7 16. Qc7 Qxc7 17. Rxc7 Bxf3 18. gxf3 Nd5 19. Rc1 h6 20. Bh3 a5
21. O-O Nb4 22. a4 Nd3 23. Rb1 Rab8 24. Bd7 Re7 25. Bb5 Ne5 26. Kg2 Rc7 27.
Rbc1 Ra7 28. Rfd1 Rba8 29. Rd5 Ng6 30. Rcd1 Nh8 31. Rd8+ Rxd8 32. Rxd8+ Kh7 33.
b3 h5 34. Rd4 g5 35. b4 axb4 36. Rxb4 f5 37. Rd4 Ng6 38. Rd7+ Rxd7 39. Bxd7 f4
40. e4 fxg3 41. fxg3 h4 42. Bf5 hxg3 43. Bxg6+ Kxg6 44. a5 1-0

[Event "Winnipeg TNT 2019.09"]
[Site "Winnipeg CAN"]
[Date "2019.09.03"]
[Round "1.7"]
[White "Trueman, Francis"]
[Black "Klokow, John"]
[Result "0-1"]
[WhiteElo "1462"]
[BlackElo "1672"]
[PlyCount "52"]
[EventDate "2019.09.03"]
[EventType "swiss"]
[EventRounds "4"]
[EventCountry "CAN"]

1. e4 e5 2. d3 Nf6 3. Nd2 Bc5 4. h3 O-O 5. Ngf3 Re8 6. g3 d5 7. Bg2 Nc6 8. O-O
Nh5 9. Kh2 Qf6 10. c3 Be6 11. Nh4 Nf4 12. exd5 Nxd5 13. Ne4 Qe7 14. Nxc5 Qxc5
15. Re1 Qxf2 16. Nf3 Qc5 17. Nxe5 Nxc3 18. Qc2 Nxe5 19. Be3 Qd6 20. Qxc3 Nc6
21. Bf4 Qd7 22. Bf3 Bxh3 23. Rg1 Bg4 24. Bg2 Re2 25. Qb3 b6 26. Rac1 Nd4 0-1

[Event "Winnipeg TNT 2019.09"]
[Site "Winnipeg CAN"]
[Date "2019.09.03"]
[Round "1.8"]
[White "Czarny, Keith"]
[Black "Marshall, Ken"]
[Result "1-0"]
[WhiteElo "1669"]
[BlackElo "1460"]
[PlyCount "64"]
[EventDate "2019.09.03"]
[EventType "swiss"]
[EventRounds "4"]
[EventCountry "CAN"]

1. Nf3 d5 2. c4 c6 3. cxd5 cxd5 4. g3 Nf6 5. Bg2 Bf5 6. O-O e6 7. d3 Nbd7 8.
Nc3 Be7 9. Bf4 O-O 10. Rc1 a6 11. a3 Re8 12. Nh4 b5 13. Nxf5 exf5 14. Nxd5 Nxd5
15. Bxd5 Rc8 16. Bb7 Rxc1 17. Qxc1 Qb6 18. Qc6 Qd4 19. Rc1 Nf6 20. Bg5 Qe5 21.
Rc2 h6 22. Bf4 Qd4 23. Bxa6 g5 24. Be3 Qe5 25. Bxb5 f4 26. Bc1 fxg3 27. hxg3
Kf8 28. b4 h5 29. Bb2 Qb8 30. Bxf6 Bxf6 31. Qxe8+ Qxe8 32. Bxe8 Kxe8 1-0